00562nam a2200205Ia 450000500170000000800410001702000100005804000190006804100120008708200160009924500510011526000400016630000270020650400340023363000200026765000120028765100250029970000220032485000100034620220921142145.0131103s9999 xx 000 0 und d cRs 20 aLoreto College aEnglish a954.02bGUP aMarathas and Panipatcedited by Hari Ram Gupta aChandigarhbPunjab Universityc1961 axxiv,378pb Maps,illus aIncludes bibliography & index aIndia - History aHistory aMarathas and Panipat aGupta,Hari Ram,ed aLCLIB